[Event "Mittelfranken-chTB2b 1819"]
[Site "Mittelfranken"]
[Date "2019.01.27"]
[Round "4.8"]
[White "Duong, Quang Bach"]
[Black "Sippel, Christian"]
[Result "1/2-1/2"]
[WhiteElo "1646"]
[BlackElo "1594"]
[PlyCount "87"]
[EventDate "2018.10.14"]
[EventType "team-tourn"]
[EventRounds "9"]
[EventCountry "GER"]
[SourceTitle "EXT 2022"]
[Source "ChessBase"]
[SourceDate "2021.10.06"]
[SourceVersion "1"]
[SourceVersionDate "2021.10.06"]
[SourceQuality "1"]
[WhiteTeam "Nuernberg SK 1911 II"]
[BlackTeam "Uttenreuth"]
[WhiteTeamCountry "GER"]
[BlackTeamCountry "GER"]

1. e4 c5 2. d4 cxd4 3. c3 d6 4. cxd4 Nf6 5. Nc3 e6 6. Bf4 a6 7. d5 e5 8. Bg5 Be7 9. Bd3 0-0 10. Nge2 Nxd5 11. Bxe7 Nxe7 12. 0-0 Be6 13. Qd2 d5 14. exd5 Nxd5 15. Nxd5 Bxd5 16. Rad1 Nc6 17. Bxh7+ Kxh7 18. Qxd5 Qe7 19. Rfe1 Rfd8 20. Qe4+ Kg8 21. Rxd8+ Rxd8 22. Nc3 Rd4 23. Qe3 Qd8 24. h3 Nb4 25. Qxe5 Nd3 26. Qe8+ Qxe8 27. Rxe8+ Kh7 28. Re7 Nxb2 29. Rxb7 Rc4 30. Rxb2 Rxc3 31. f3 Ra3 32. Kf2 Kg6 33. Kg3 f6 34. Kh4 Kf5 35. Kh5 g5 36. Re2 Ra4 37. g4+ Kf4 38. Re6 Kxf3 39. Rxf6+ Kg3 40. Kxg5 Kxh3 41. Rf4 Rxa2 42. Kf6 Kg3 43. Rd4 Rf2+ 44. Kg5 1/2-1/2

[Event "Mittelfranken-chTB2b 1718"]
[Site "Mittelfranken"]
[Date "2017.10.08"]
[Round "1.8"]
[White "Sippel, Christian"]
[Black "Niebler, Andreas"]
[Result "1/2-1/2"]
[WhiteElo "1581"]
[BlackElo "1804"]
[PlyCount "87"]
[EventDate "2017.10.08"]
[EventType "team-tourn"]
[EventRounds "9"]
[EventCountry "GER"]
[SourceTitle "EXT 2022"]
[Source "ChessBase"]
[SourceDate "2021.10.06"]
[SourceVersion "1"]
[SourceVersionDate "2021.10.06"]
[SourceQuality "1"]
[WhiteTeam "Uttenreuth"]
[BlackTeam "Neumarkt"]
[WhiteTeamCountry "GER"]
[BlackTeamCountry "GER"]

1. e4 g6 2. d4 Bg7 3. Nf3 d6 4. Be3 c6 5. Bd3 Qc7 6. 0-0 Nd7 7. c3 Ngf6 8. h3 0-0 9. Qd2 e5 10. Bh6 Re8 11. Re1 Nf8 12. Bxg7 Kxg7 13. Bc4 Be6 14. Bxe6 Nxe6 15. g3 Rad8 16. Qc2 b5 17. Nbd2 a6 18. Nb3 c5 19. d5 Nf8 20. a4 c4 21. Nbd2 Ra8 22. Ra3 Ra7 23. b3 cxb3 24. Qxb3 Rb7 25. Rb1 Reb8 26. Qc2 N8d7 27. axb5 axb5 28. Rab3 Nc5 29. Rb4 Na6 30. R4b2 Nc5 31. Rb4 Na6 32. R4b2 Nc5 33. Ne1 Nfd7 34. Nd3 Nxd3 35. Qxd3 Nc5 36. Qc2 Na4 37. Rb3 Nc5 38. Rb4 Na6 39. R4b2 Nc5 40. Rb4 Na6 41. R4b3 Nc5 42. Rb4 Na6 43. R4b2 Nc5 44. Rb4 1/2-1/2